000 00973naa a2200241 a 4500
001 79372)
003 BD-RjUL
005 20220214111551.0
008 220214s1930 ii ||||| |||| 00| 0 urd d
035 _a(BD-RjUL)79372)
040 _aBD-RjUL
_beng
_cBD-RjUL
041 _aurd
082 _223
100 1 _aندوی، سید سلیمان ;; Nadvi Syed Sulaiman
_91311
245 1 0 _aعرب و ہند کے تعلقات ;; Arab-o-Hind KeTalluqat /
_cSyed Sulaiman Nadvi ;; سید سلیمان ندوی،
260 _aالہ اباد ;; Allahabad :
_bہندوستانی اکادمی ;; Hindustani Ekademy ,
_c1930
300 _a402 p. ;
_c23 cm
490 _aسلسلہ لکچر ہندوستانی اکادمی ;
_v نمبر ۵
650 _zIndia
_a Foreign relations
_vArab countries.
_91312
650 _vArab countries
_aForeign relations
_zIndia
_91313
830 _aسلسلہ لکچر ہندوستانی اکادمی ;
_v نمبر ۵
_91314
942 _2ddc
_cBK
999 _c79372
_d79372